[Event "NAYCC U18 w"]
[Site "Kingston CAN"]
[Date "2019.08.19"]
[Round "7.197"]
[White "Demchenko, Svitlana"]
[Black "Ehsani, Yassamin"]
[Result "1/2-1/2"]
[WhiteElo "2045"]
[BlackElo "1948"]
[PlyCount "153"]
[EventDate "2019.08.16"]
[EventType "swiss"]
[EventRounds "9"]
[EventCountry "CAN"]

1. e4 c5 2. Nf3 e6 3. d4 cxd4 4. Nxd4 a6 5. Bd3 Qc7 6. O-O Nf6 7. Qe2 d6 8. c4
Nbd7 9. Nc3 g6 10. Rd1 Bg7 11. Bc2 O-O 12. Nf3 Ng4 13. Bf4 Nge5 14. Bb3 Nxf3+
15. Qxf3 Ne5 16. Qe2 Rd8 17. Rac1 Bd7 18. Qd2 Be8 19. h3 Rac8 20. Be3 Qe7 21.
Qe2 Qc7 22. Qe1 Kh8 23. f4 Nxc4 24. Bxc4 Qxc4 25. Bb6 Qb4 26. Bxd8 Rxd8 27. Qd2
Bc6 28. a3 Qb6+ 29. Kh1 Bf6 30. Qe2 Qa5 31. e5 dxe5 32. Rxd8+ Qxd8 33. fxe5 Be7
34. Qf2 Qd3 35. Kh2 Kg8 36. Rd1 Qc4 37. Rd4 Qc5 38. Rd8+ Kg7 39. Qxc5 Bxc5 40.
Kg3 Bb6 41. Rd2 Bc7 42. Kf2 Bxe5 43. Ne2 f5 44. Nd4 Bd5 45. Nf3 Bf6 46. Rc2 Bc6
47. g4 Kf7 48. g5 Bg7 49. Re2 Ke7 50. h4 Kd6 51. Rd2+ Ke7 52. Nd4 Bd5 53. Ne2
Be5 54. Ke3 Bc7 55. Nf4 Bxf4+ 56. Kxf4 Kd6 57. Re2 Be4 58. h5 e5+ 59. Ke3 gxh5
60. Rh2 Bb1 61. Rxh5 f4+ 62. Kf3 Ke6 63. Rh6+ Bg6 64. Kg4 Kd5 65. Rh3 b5 66.
Rc3 a5 67. a4 bxa4 68. Rc7 Kd4 69. Ra7 Ke3 70. Rxa5 e4 71. Rxa4 f3 72. Ra3+ Ke2
73. b4 f2 74. Ra2+ Ke1 75. Ra1+ Ke2 76. Ra2+ Ke1 77. Ra1+ 1/2-1/2

[Event "NAYCC U18 w"]
[Site "Kingston CAN"]
[Date "2019.08.19"]
[Round "7.198"]
[White "Liu, Kimberly"]
[Black "Chen, Minda"]
[Result "1-0"]
[WhiteElo "1903"]
[BlackElo "1944"]
[PlyCount "97"]
[EventDate "2019.08.16"]
[EventType "swiss"]
[EventRounds "9"]
[EventCountry "CAN"]

1. e4 c5 2. c3 Nf6 3. e5 Nd5 4. g3 Qc7 5. Qe2 d6 6. Bg2 Nb6 7. exd6 Qxd6 8. Nf3
Nc6 9. Na3 a6 10. O-O g6 11. d4 cxd4 12. Nxd4 Nxd4 13. cxd4 Bg7 14. Rd1 O-O 15.
Bf4 Qd8 16. Rac1 Nd5 17. Be5 f6 18. Qc4 Be6 19. Bc7 Qd7 20. Re1 Bf7 21. Bxd5
Bxd5 22. Qe2 Rac8 23. Bb6 Bh6 24. f4 Rfe8 25. Nc4 Rc6 26. Bc5 Re6 27. Qf1 Rxe1
28. Rxe1 Qd8 29. Qe2 e6 30. Nd6 Re7 31. Nc4 Re8 32. Nd6 Re7 33. b3 Rd7 34. Nc4
Bf8 35. Nb6 Bxc5 36. dxc5 Re7 37. Qd2 Kf7 38. Rd1 Rd7 39. Nxd7 Qxd7 40. Qa5 Qc8
41. Qb6 Kg7 42. a4 Bxb3 43. Qxb3 Qxc5+ 44. Kf1 Qc6 45. Kg1 Qc5+ 46. Kg2 Qc6+
47. Kh3 Kh6 48. Qa3 Qe4 49. Qf8+ 1-0

[Event "NAYCC U18 w"]
[Site "Kingston CAN"]
[Date "2019.08.19"]
[Round "7.199"]
[White "Chin, Angelica"]
[Black "Deng, Queena"]
[Result "1-0"]
[WhiteElo "1893"]
[BlackElo "1822"]
[PlyCount "85"]
[EventDate "2019.08.16"]
[EventType "swiss"]
[EventRounds "9"]
[EventCountry "CAN"]

1. e4 e6 2. d4 d5 3. Nd2 a6 4. Bd3 c5 5. dxc5 Bxc5 6. Ngf3 Nf6 7. Qe2 O-O 8.
O-O h6 9. c3 b5 10. e5 Nfd7 11. b4 Bb6 12. a4 bxa4 13. Rxa4 Bb7 14. Nb3 Qc7 15.
Bd2 Nc6 16. Bf4 a5 17. b5 Ne7 18. Bxh6 d4 19. Bg5 Qxc3 20. Nfxd4 Bxd4 21. Bxe7
Rfe8 22. Rxd4 Rxe7 23. Qh5 f5 24. exf6 Nxf6 25. Qh3 Kf8 26. Rh4 Qe5 27. Bg6 Rd7
28. Rh8+ Ke7 29. Rxa8 Bxa8 30. Nxa5 Qg5 31. Nc6+ Bxc6 32. bxc6 Ra7 33. Qc3 Ra5
34. c7 Rc5 35. c8=Q Rxc3 36. Qxc3 Qxg6 37. Qc7+ Kf8 38. Qd8+ Kf7 39. Rc1 Nd5
40. Qd7+ Kg8 41. Re1 Nf4 42. Qd8+ Kf7 43. Qc7+ 1-0

[Event "NAYCC U18 w"]
[Site "Kingston CAN"]
[Date "2019.08.19"]
[Round "7.200"]
[White "Jie, Cindy"]
[Black "Chatterjee, Trina"]
[Result "1-0"]
[WhiteElo "1902"]
[BlackElo "1930"]
[PlyCount "47"]
[EventDate "2019.08.16"]
[EventType "swiss"]
[EventRounds "9"]
[EventCountry "CAN"]

1. d4 d5 2. c4 c6 3. Nc3 Nf6 4. Nf3 g6 5. Bf4 Bg7 6. e3 Bg4 7. h3 Bxf3 8. Qxf3
O-O 9. Be2 Qb6 10. Rb1 dxc4 11. Bxc4 Na6 12. O-O Rad8 13. a3 e6 14. b4 Rc8 15.
Na4 Qd8 16. Bxa6 bxa6 17. Nc5 Qb6 18. Bg5 Nd5 19. Nd7 Qb5 20. Nxf8 Bxf8 21. e4
Nb6 22. Bf6 a5 23. Be5 axb4 24. Qf6 1-0

[Event "NAYCC U18 w"]
[Site "Kingston CAN"]
[Date "2019.08.19"]
[Round "7.201"]
[White "Lopez, Anastacia"]
[Black "Peng, Sarah"]
[Result "1-0"]
[WhiteElo "1792"]
[BlackElo "1590"]
[PlyCount "129"]
[EventDate "2019.08.16"]
[EventType "swiss"]
[EventRounds "9"]
[EventCountry "CAN"]

1. d4 d5 2. Nf3 c6 3. c3 Nf6 4. Bg5 Nbd7 5. Nbd2 Qc7 6. e3 e6 7. Bd3 Bd6 8. O-O
O-O 9. a4 e5 10. dxe5 Bxe5 11. Nxe5 Nxe5 12. Qc2 Nxd3 13. Qxd3 Ng4 14. Bf4 Qe7
15. h3 Ne5 16. Qd4 Ng6 17. b4 Be6 18. Bg3 b6 19. e4 Rad8 20. Qe3 f5 21. exf5
Rxf5 22. Rfe1 Re8 23. a5 c5 24. axb6 axb6 25. bxc5 bxc5 26. Nb3 Nf8 27. Nxc5
Qf7 28. Qd4 Rg5 29. Re3 Rc8 30. Rae1 Rc6 31. Qb4 Bf5 32. Qb5 Qg6 33. Nd3 Be4
34. Nf4 Qf6 35. Qb2 Rf5 36. f3 g5 37. fxe4 gxf4 38. exf5 fxe3 39. Rxe3 Qxf5 40.
Rf3 Qd7 41. Qb8 Rc8 42. Qe5 Ng6 43. Qg5 Rf8 44. Rxf8+ Kxf8 45. Qf6+ Kg8 46. Bf2
Qb7 47. Qe6+ Kf8 48. Bc5+ Kg7 49. Bd4+ Kf8 50. Qf6+ Kg8 51. Qb6 Qd7 52. Qb8+
Nf8 53. Kh2 Qf5 54. Bc5 Kg7 55. Bxf8+ Qxf8 56. Qxf8+ Kxf8 57. Kg3 Ke7 58. Kf4
Kd6 59. Kf5 d4 60. cxd4 Kd5 61. g4 Kxd4 62. g5 Kd5 63. h4 Kd6 64. Kf6 Kd7 65.
Kf7 1-0

[Event "NAYCC U18 w"]
[Site "Kingston CAN"]
[Date "2019.08.19"]
[Round "7.202"]
[White "Karelina, Polina"]
[Black "Ravishankar, Ramitha"]
[Result "1/2-1/2"]
[WhiteElo "1689"]
[BlackElo "1480"]
[PlyCount "112"]
[EventDate "2019.08.16"]
[EventType "swiss"]
[EventRounds "9"]
[EventCountry "CAN"]

1. e4 e6 2. d3 d5 3. Nd2 Nf6 4. Ngf3 b6 5. g3 dxe4 6. dxe4 Bc5 7. Bg2 Ba6 8. c4
Qd3 9. Qb3 Qxb3 10. axb3 Bb7 11. e5 Ng4 12. O-O h5 13. h3 Nh6 14. Re1 Nf5 15.
Kf1 Nc6 16. Ne4 Be7 17. Nc3 a5 18. Nb5 O-O-O 19. Ng5 Bxg5 20. Bxg5 Rd3 21. Rad1
Rxd1 22. Rxd1 Nxe5 23. Bxb7+ Kxb7 24. Bf4 f6 25. Bxe5 fxe5 26. Rd7 Nd4 27.
Rxc7+ Kb8 28. Rxg7 Nxb5 29. cxb5 Rd8 30. Re7 Rd5 31. b4 a4 32. Rxe6 Rxb5 33.
Rc6 Rxb4 34. Rc2 b5 35. Ke1 Kb7 36. Kd2 Kb6 37. Kc1 Rd4 38. Re2 e4 39. Rd2 Rc4+
40. Rc2 Rd4 41. Rc8 Ka5 42. Rc5 Kb4 43. Rxh5 Kc4 44. Kc2 b4 45. Ra5 b3+ 46. Kc1
Kd3 47. Kd1 Kc4+ 48. Ke2 Kb4 49. Ra8 Kb5 50. h4 Rc4 51. Ke3 Rc2 52. Rb8+ Ka5
53. Ra8+ Kb4 54. Rb8+ Ka5 55. Ra8+ Kb4 56. Rb8+ Ka5 1/2-1/2

[Event "NAYCC U18 w"]
[Site "Kingston CAN"]
[Date "2019.08.19"]
[Round "7.203"]
[White "Johnson, Jillian"]
[Black "Hunt, Fikirte"]
[Result "0-1"]
[WhiteElo "572"]
[BlackElo "1802"]
[PlyCount "76"]
[EventDate "2019.08.16"]
[EventType "swiss"]
[EventRounds "9"]
[EventCountry "CAN"]

1. e4 c5 2. Nf3 d6 3. Nc3 Nf6 4. Bc4 a6 5. d4 cxd4 6. Nxd4 e6 7. Nf3 Nc6 8. Bf4
b5 9. Be2 b4 10. Qd2 bxc3 11. Qxc3 Qa5 12. O-O Qxc3 13. bxc3 Nxe4 14. c4 Be7
15. g3 O-O 16. Bd3 Nf6 17. Be3 Bd7 18. Ng5 Ne5 19. Be2 Rfc8 20. f4 Nxc4 21. Bf2
h6 22. Nf3 Ng4 23. Be1 Nce3 24. Bd3 Nxf1 25. Bxf1 Rxc2 26. Bd3 Bf6 27. Rb1 Rb2
28. Rc1 Rc8 29. Ra1 Nxh2 30. Nxh2 Rxh2 31. Kxh2 Bxa1 32. g4 Rc1 33. Bh4 Bc6 34.
g5 Bc3 35. Bf2 hxg5 36. fxg5 Be5+ 37. Kh3 Bf3 38. Be2 Rh1# 0-1

[Event "NAYCC U18 w"]
[Site "Kingston CAN"]
[Date "2019.08.19"]
[Round "8.197"]
[White "Liu, Kimberly"]
[Black "Demchenko, Svitlana"]
[Result "0-1"]
[WhiteElo "1903"]
[BlackElo "2045"]
[PlyCount "130"]
[EventDate "2019.08.16"]
[EventType "swiss"]
[EventRounds "9"]
[EventCountry "CAN"]

1. e4 Nf6 2. e5 Nd5 3. d4 d6 4. Nf3 g6 5. c4 Nb6 6. Nc3 Bg7 7. exd6 cxd6 8. Be2
Bg4 9. b3 Nc6 10. Be3 O-O 11. O-O d5 12. c5 Nc8 13. h3 Bxf3 14. Bxf3 e6 15. Ne2
N8e7 16. Ng3 Nf5 17. Nxf5 gxf5 18. Qd2 Qf6 19. Rad1 f4 20. Bxf4 Qxd4 21. Qc1
Qc3 22. Qa3 Rfc8 23. Bd2 Qf6 24. b4 Nd4 25. Bg4 Qg6 26. Rc1 Kh8 27. Bc3 Nc6 28.
Bxg7+ Qxg7 29. Rc3 a6 30. Rd1 f5 31. Be2 Rg8 32. Rg3 Qe5 33. Rxg8+ Rxg8 34. Bf1
Nd4 35. Qe3 Qxe3 36. fxe3 Nf3+ 37. Kf2 Ne5 38. a4 Rc8 39. Rc1 Kg7 40. b5 a5 41.
Be2 Kf6 42. g3 Nc4 43. c6 bxc6 44. Bxc4 cxb5 45. axb5 dxc4 46. b6 Rb8 47. Rxc4
Rxb6 48. Ra4 Ra6 49. Kf3 Ke5 50. g4 fxg4+ 51. Kxg4 Kd5 52. Kg5 Kc5 53. Kh6 Ra7
54. Kg5 Kb5 55. Ra1 a4 56. Kf6 Ra6 57. e4 Kc4 58. e5 Kb3 59. Rd1 a3 60. Rd3+
Kc4 61. Rd6 Rxd6 62. exd6 a2 63. d7 a1=Q+ 64. Kxe6 Qh8 65. Ke7 Qe5+ 0-1

[Event "NAYCC U18 w"]
[Site "Kingston CAN"]
[Date "2019.08.19"]
[Round "8.198"]
[White "Ehsani, Yassamin"]
[Black "Jie, Cindy"]
[Result "0-1"]
[WhiteElo "1948"]
[BlackElo "1902"]
[PlyCount "98"]
[EventDate "2019.08.16"]
[EventType "swiss"]
[EventRounds "9"]
[EventCountry "CAN"]

1. d4 Nf6 2. c4 e6 3. Nc3 Bb4 4. f3 Bxc3+ 5. bxc3 O-O 6. Bg5 d6 7. e3 Nbd7 8.
Bd3 h6 9. Bh4 e5 10. Ne2 Re8 11. O-O c5 12. d5 Nf8 13. Qc2 b6 14. f4 e4 15.
Bxf6 exd3 16. Bxd8 dxc2 17. Bc7 Ba6 18. Rac1 Bxc4 19. Rxc2 Bxd5 20. c4 Bb7 21.
Kf2 d5 22. cxd5 Bxd5 23. Rd1 Bc6 24. Rcc1 Re7 25. Be5 f6 26. Bb2 Rae8 27. Rc3
Ne6 28. Ng3 Nc7 29. Rcd3 Bb5 30. Rc3 Re6 31. Bc1 Na6 32. Ba3 Nb4 33. Rd2 a5 34.
Nf5 Bc6 35. Bc1 Na6 36. Ba3 Kh7 37. Ng3 Nb4 38. Nf1 Bb5 39. Ng3 Bc6 40. Nf1 f5
41. Bc1 Na6 42. Ng3 g6 43. Ba3 Nb4 44. Nf1 Kg8 45. h3 h5 46. Bc1 Nd5 47. Rcd3
Nf6 48. Rd1 Ne4+ 49. Kg1 c4 0-1

[Event "NAYCC U18 w"]
[Site "Kingston CAN"]
[Date "2019.08.19"]
[Round "8.199"]
[White "Lopez, Anastacia"]
[Black "Chin, Angelica"]
[Result "1/2-1/2"]
[WhiteElo "1792"]
[BlackElo "1893"]
[PlyCount "176"]
[EventDate "2019.08.16"]
[EventType "swiss"]
[EventRounds "9"]
[EventCountry "CAN"]

1. d4 d5 2. Nf3 Nf6 3. Bg5 Ne4 4. Bh4 c5 5. e3 Nc6 6. c3 Qb6 7. Qb3 c4 8. Qc2
Bf5 9. Qc1 e6 10. Be2 Bd6 11. Nbd2 O-O 12. O-O Qc7 13. Bg3 Bxg3 14. hxg3 b5 15.
Nxe4 Bxe4 16. Nd2 Bg6 17. Bd1 b4 18. b3 cxb3 19. Nxb3 a5 20. Bc2 Qb6 21. Bxg6
hxg6 22. Qd2 Rfc8 23. Nc5 e5 24. Nd7 Qd8 25. Nc5 Qe7 26. cxb4 axb4 27. Rac1
exd4 28. exd4 Qc7 29. Rc2 Qb6 30. Rfc1 Na5 31. Nd7 Rxc2 32. Rxc2 Qb5 33. Ne5
Nc4 34. Qf4 Nxe5 35. Qxe5 Re8 36. Rc5 Qa4 37. Qxd5 g5 38. Rc1 Ra8 39. Rb1 Qxa2
40. Qxa2 Rxa2 41. Rxb4 Ra1+ 42. Kh2 Rd1 43. g4 f6 44. Rb8+ Kf7 45. Rb7+ Kg6 46.
Rd7 Kh6 47. Kg3 Rd3+ 48. f3 Rd2 49. d5 Kg6 50. Kh2 Kh7 51. Kg1 Kg8 52. Kf1 Kf8
53. Kg1 g6 54. d6 Ke8 55. Rg7 Rxd6 56. Rxg6 Kf7 57. Rh6 Ke6 58. Kf2 Rd2+ 59.
Kg3 Ke5 60. Rh8 Ke6 61. Re8+ Kf7 62. Re1 Kg6 63. Kh2 Ra2 64. Kg1 Kf7 65. Kf1
Ra5 66. Kf2 Ra3 67. Re2 Rb3 68. Rd2 Ke6 69. g3 Ra3 70. Re2+ Kf7 71. f4 Ra4 72.
Kf3 gxf4 73. gxf4 Ra3+ 74. Re3 Ra1 75. f5 Rf1+ 76. Ke4 Rg1 77. Kf4 Rf1+ 78. Rf3
Rg1 79. Rb3 Rf1+ 80. Kg3 Rg1+ 81. Kf3 Kg7 82. Rb7+ Kf8 83. Kf4 Rg2 84. Ra7 Rg1
85. Kf3 Kg8 86. Ra2 Kg7 87. Rg2 Rf1+ 88. Ke2 Ra1 1/2-1/2

[Event "NAYCC U18 w"]
[Site "Kingston CAN"]
[Date "2019.08.19"]
[Round "8.200"]
[White "Chen, Minda"]
[Black "Karelina, Polina"]
[Result "0-1"]
[WhiteElo "1944"]
[BlackElo "1689"]
[PlyCount "66"]
[EventDate "2019.08.16"]
[EventType "swiss"]
[EventRounds "9"]
[EventCountry "CAN"]

1. d4 Nf6 2. c4 g6 3. Nc3 Bg7 4. e4 d6 5. Be2 O-O 6. Be3 e5 7. d5 a5 8. g4 Na6
9. g5 Nd7 10. h4 Ndc5 11. h5 f5 12. gxf6 Qxf6 13. Qd2 Nb4 14. Rb1 Nxa2 15. Nxa2
Nxe4 16. Qc1 Nxf2 17. Rh2 Ng4 18. Bg5 Qf5 19. Rg2 Qe4 20. Rg3 gxh5 21. Nc3 Qf5
22. Rf3 Qg6 23. Ra1 Bf5 24. Qd2 h6 25. Bh4 e4 26. Rg3 Be5 27. Rg2 e3 28. Qc1
Be4 29. Nxe4 Qxe4 30. Bf1 Rxf1+ 31. Kxf1 Rf8+ 32. Nf3 Qxf3+ 33. Kg1 Bd4 0-1

[Event "NAYCC U18 w"]
[Site "Kingston CAN"]
[Date "2019.08.19"]
[Round "8.201"]
[White "Deng, Queena"]
[Black "Ravishankar, Ramitha"]
[Result "1-0"]
[WhiteElo "1822"]
[BlackElo "1480"]
[PlyCount "83"]
[EventDate "2019.08.16"]
[EventType "swiss"]
[EventRounds "9"]
[EventCountry "CAN"]

1. d4 d5 2. Nf3 Nf6 3. Bf4 Bf5 4. e3 e6 5. Be2 Be7 6. Nbd2 O-O 7. Ne5 Nbd7 8.
g4 Bg6 9. h4 h6 10. g5 Ne4 11. Nxg6 fxg6 12. Nxe4 dxe4 13. gxh6 Bxh4 14. Bc4 g5
15. Bxe6+ Kh7 16. hxg7 Kxg7 17. Rxh4 Rxf4 18. Rxf4 gxf4 19. Qg4+ Kf8 20. Bxd7
Qf6 21. O-O-O Ke7 22. Bc8 a5 23. Qd7+ Kf8 24. Qf5 Qxf5 25. Bxf5 fxe3 26. fxe3
Re8 27. Rg1 Ke7 28. Bxe4 b6 29. Kd2 Kd8 30. Bf5 Re7 31. Rg8+ Re8 32. Rxe8+ Kxe8
33. e4 Ke7 34. e5 Kf7 35. Kd3 c6 36. Bd7 c5 37. dxc5 bxc5 38. Kc4 Ke7 39. Bf5
Kd8 40. Kxc5 Kc7 41. e6 Kd8 42. Kd6 1-0

[Event "NAYCC U18 w"]
[Site "Kingston CAN"]
[Date "2019.08.19"]
[Round "8.202"]
[White "Cao, Lucy"]
[Black "Hunt, Fikirte"]
[Result "0-1"]
[WhiteElo "1704"]
[BlackElo "1802"]
[PlyCount "70"]
[EventDate "2019.08.16"]
[EventType "swiss"]
[EventRounds "9"]
[EventCountry "CAN"]

1. e4 c5 2. Nc3 Nc6 3. Bb5 Nd4 4. Nf3 Nxb5 5. Nxb5 d5 6. exd5 a6 7. Nc3 Nf6 8.
Ne5 Bf5 9. g4 Be4 10. Nxe4 Nxe4 11. c4 Nd6 12. d3 Qc8 13. h3 g6 14. Qa4+ b5 15.
Qc2 Bg7 16. Nc6 bxc4 17. dxc4 Qb7 18. Rb1 O-O 19. Be3 Rac8 20. b4 cxb4 21. Rxb4
Qd7 22. Rb6 e6 23. Rxa6 exd5 24. cxd5 Nb5 25. O-O Rfe8 26. Qd3 Nc7 27. Ra5 Na8
28. Qb3 h5 29. f3 Nc7 30. Nb4 Rb8 31. Bf4 Bd4+ 32. Kh1 g5 33. Bxg5 Qd6 34. a3
Qg3 35. Qd3 Qxh3# 0-1

[Event "NAYCC U18 w"]
[Site "Kingston CAN"]
[Date "2019.08.19"]
[Round "8.203"]
[White "Chatterjee, Trina"]
[Black "Johnson, Jillian"]
[Result "1-0"]
[WhiteElo "1930"]
[BlackElo "572"]
[PlyCount "73"]
[EventDate "2019.08.16"]
[EventType "swiss"]
[EventRounds "9"]
[EventCountry "CAN"]

1. e4 e5 2. Nf3 d6 3. d4 Nd7 4. Bc4 Qe7 5. O-O Nb6 6. Bb3 Bd7 7. dxe5 dxe5 8.
Ng5 Nh6 9. Nc3 O-O-O 10. Qe2 f6 11. Nf3 Qe8 12. a4 g5 13. a5 g4 14. axb6 cxb6
15. Ne1 g3 16. fxg3 Bg4 17. Nf3 Qg6 18. Bxh6 Qxh6 19. Rxa7 Bc5+ 20. Kh1 Qg6 21.
Ra8+ Kc7 22. Nd5+ Kd7 23. Qb5+ Ke6 24. Nf4+ Ke7 25. Nxg6+ Kd6 26. Rd1+ Kc7 27.
Raxd8 Rxd8 28. Rxd8 Kxd8 29. Nf8 Bxf8 30. Qxb6+ Kc8 31. Be6+ Kb8 32. Bxg4 Be7
33. Nd2 f5 34. Bxf5 Bg5 35. Nc4 Be7 36. Na5 Bb4 37. Qxb7# 1-0

[Event "NAYCC U18 w"]
[Site "Kingston CAN"]
[Date "2019.08.20"]
[Round "9.197"]
[White "Demchenko, Svitlana"]
[Black "Chin, Angelica"]
[Result "1-0"]
[WhiteElo "2045"]
[BlackElo "1893"]
[PlyCount "87"]
[EventDate "2019.08.16"]
[EventType "swiss"]
[EventRounds "9"]
[EventCountry "CAN"]

1. e4 c5 2. Nf3 Nc6 3. d4 cxd4 4. Nxd4 g6 5. c4 Nf6 6. Nc3 Nxd4 7. Qxd4 d6 8.
Bg5 Bg7 9. Qd2 O-O 10. Bd3 Be6 11. O-O a5 12. Rac1 Nd7 13. f4 Qb6+ 14. Kh1 Qd4
15. Nb5 Qxb2 16. Rc2 Qb4 17. f5 Bxc4 18. Bxc4 Rfc8 19. Qxb4 axb4 20. fxg6 d5
21. gxf7+ Kf8 22. exd5 Ne5 23. Bb3 Rxc2 24. Bxc2 Rxa2 25. Nc7 Nxf7 26. Bb3 Ra1
27. Ne6+ Kg8 28. Rxa1 Bxa1 29. Bxe7 Be5 30. Bxb4 b5 31. h3 h6 32. Bc2 Nd6 33.
Bxd6 Bxd6 34. Kg1 Kf7 35. Kf2 Kf6 36. Ke3 Ke5 37. Bb3 Bb8 38. Kd3 Bd6 39. g4
Be7 40. Ng7 Bf8 41. Nf5 h5 42. d6 Bxd6 43. Nxd6 Kxd6 44. Ke4 1-0

[Event "NAYCC U18 w"]
[Site "Kingston CAN"]
[Date "2019.08.20"]
[Round "9.198"]
[White "Jie, Cindy"]
[Black "Liu, Kimberly"]
[Result "1-0"]
[WhiteElo "1902"]
[BlackElo "1903"]
[PlyCount "103"]
[EventDate "2019.08.16"]
[EventType "swiss"]
[EventRounds "9"]
[EventCountry "CAN"]

1. d4 e6 2. c4 Nf6 3. Nf3 Bb4+ 4. Bd2 a5 5. a3 Bxd2+ 6. Qxd2 Ne4 7. Qc2 f5 8.
Nc3 Nxc3 9. Qxc3 d6 10. g3 b6 11. Bg2 Bb7 12. O-O O-O 13. b4 axb4 14. axb4 Qe7
15. Rxa8 Bxa8 16. Ra1 Nd7 17. Ra7 Rc8 18. Ne1 Bxg2 19. Kxg2 Nf6 20. Nd3 Qe8 21.
f3 g5 22. Qc1 h6 23. Qe3 Nd7 24. c5 Kf7 25. h4 Kf6 26. hxg5+ hxg5 27. f4 g4 28.
c6 Nf8 29. b5 Ng6 30. Nb4 Qf7 31. Qd3 Qh7 32. Kf2 Qh2+ 33. Ke1 Nxf4 34. gxf4 g3
35. Kd2 g2 36. Ra1 Rg8 37. Qe3 g1=Q 38. Rxg1 Qxg1 39. Qxg1 Rxg1 40. Na6 Rg7 41.
Kd3 Re7 42. e3 Kf7 43. Kc4 Ke8 44. d5 e5 45. fxe5 dxe5 46. d6 cxd6 47. Kd5 f4
48. exf4 exf4 49. Kxd6 f3 50. c7 Rxc7 51. Nxc7+ Kf7 52. Nd5 1-0

[Event "NAYCC U18 w"]
[Site "Kingston CAN"]
[Date "2019.08.20"]
[Round "9.199"]
[White "Hunt, Fikirte"]
[Black "Ehsani, Yassamin"]
[Result "0-1"]
[WhiteElo "1802"]
[BlackElo "1948"]
[PlyCount "100"]
[EventDate "2019.08.16"]
[EventType "swiss"]
[EventRounds "9"]
[EventCountry "CAN"]

1. d4 d5 2. c4 c6 3. cxd5 cxd5 4. Nc3 Nf6 5. Bf4 Nc6 6. e3 a6 7. Bd3 Bg4 8. Qb3
b5 9. Rc1 Na5 10. Qc2 Rc8 11. a3 Nc4 12. Nge2 e6 13. O-O Be7 14. Rfe1 Bh5 15.
a4 b4 16. Nb1 O-O 17. b3 Nd6 18. Qb2 Qb6 19. Ng3 Bg6 20. Bxg6 hxg6 21. Nd2 Qb7
22. f3 Nf5 23. Ndf1 Rc3 24. Ne2 Rcc8 25. g4 Nd6 26. Neg3 a5 27. Rc5 Rxc5 28.
dxc5 Nc8 29. Rc1 Na7 30. Ne2 Rc8 31. Qd4 Nd7 32. Bd6 e5 33. Bxe5 Nc6 34. Qxd5
Ndxe5 35. Nd4 Rd8 36. Qe4 Qc7 37. Nb5 Qc8 38. Nd6 Qe6 39. f4 Qxg4+ 40. Ng3 Bxd6
41. cxd6 Rxd6 42. fxe5 Qxe4 43. Nxe4 Re6 44. Nd6 Nxe5 45. Rc8+ Kh7 46. Rd8 Re7
47. Rc8 Rd7 48. Ne4 Rd5 49. Kf2 Ng4+ 50. Kg3 Nf6 0-1

[Event "NAYCC U18 w"]
[Site "Kingston CAN"]
[Date "2019.08.20"]
[Round "9.200"]
[White "Karelina, Polina"]
[Black "Lopez, Anastacia"]
[Result "0-1"]
[WhiteElo "1689"]
[BlackElo "1792"]
[PlyCount "100"]
[EventDate "2019.08.16"]
[EventType "swiss"]
[EventRounds "9"]
[EventCountry "CAN"]

1. e4 c5 2. Nc3 Nc6 3. g3 g6 4. Bg2 Bg7 5. d3 e5 6. f4 d6 7. Nf3 Nge7 8. O-O
O-O 9. Be3 Rb8 10. Rb1 b5 11. Ne2 Qa5 12. fxe5 Nxe5 13. Nxe5 Bxe5 14. Bh6 Bg7
15. Bxg7 Kxg7 16. Qc1 f6 17. Qf4 Qb6 18. Rf2 Be6 19. a3 g5 20. Qd2 h6 21. Rbf1
Rf7 22. Nc3 b4 23. axb4 Qxb4 24. b3 Rbf8 25. Ra1 Ng6 26. Ra6 Qb8 27. Nd5 Bxd5
28. exd5 f5 29. d4 cxd4 30. Qxd4+ Ne5 31. c4 Kh7 32. Rb2 Rc8 33. Kh1 Qb4 34.
Bf1 Rcc7 35. Ra4 Qe1 36. Qf2 Qc3 37. Qd2 Qf3+ 38. Bg2 Qg4 39. c5 Qh5 40. cxd6
Nf3 41. Bxf3 Qxf3+ 42. Kg1 Rc3 43. Rc4 Rd3 44. Rc7 Rxd2 45. Rxd2 Qe3+ 46. Rf2
Rxc7 47. dxc7 Qc1+ 48. Kg2 Qxc7 49. Rxf5 Qc2+ 50. Rf2 Qe4+ 0-1

[Event "NAYCC U18 w"]
[Site "Kingston CAN"]
[Date "2019.08.20"]
[Round "9.201"]
[White "Deng, Queena"]
[Black "Peng, Sarah"]
[Result "1-0"]
[WhiteElo "1822"]
[BlackElo "1590"]
[PlyCount "75"]
[EventDate "2019.08.16"]
[EventType "swiss"]
[EventRounds "9"]
[EventCountry "CAN"]

1. d4 d5 2. Nf3 Nf6 3. Bf4 Bf5 4. e3 c6 5. Nbd2 e6 6. Be2 h6 7. Ne5 Nbd7 8. c3
Be7 9. h3 Nxe5 10. Bxe5 Qd7 11. Nf3 Be4 12. O-O O-O 13. Bh2 Nh7 14. Ne5 Qe8 15.
f3 Bf5 16. Qb3 b6 17. Qa4 b5 18. Qa6 Rc8 19. Qxa7 f6 20. Nd3 Rf7 21. Qb6 Bxd3
22. Bxd3 Ra8 23. Bg6 Rc8 24. a4 Bd8 25. Bxf7+ Qxf7 26. Qc5 bxa4 27. Rxa4 Qg6
28. Ra6 Qd3 29. Rxc6 Qxe3+ 30. Kh1 Rxc6 31. Qxc6 Be7 32. b4 Qe2 33. Rg1 Kf7 34.
Bg3 Qd3 35. Re1 Qf5 36. Qc7 Nf8 37. b5 g5 38. b6 1-0

[Event "NAYCC U18 w"]
[Site "Kingston CAN"]
[Date "2019.08.20"]
[Round "9.202"]
[White "Johnson, Jillian"]
[Black "Chen, Minda"]
[Result "0-1"]
[WhiteElo "572"]
[BlackElo "1944"]
[PlyCount "70"]
[EventDate "2019.08.16"]
[EventType "swiss"]
[EventRounds "9"]
[EventCountry "CAN"]

1. e4 c5 2. Nf3 e6 3. Bc4 a6 4. c3 b5 5. Be2 Bb7 6. d3 Be7 7. Be3 Qc7 8. Qd2
Nc6 9. Bf4 d6 10. Qe3 Nf6 11. d4 cxd4 12. cxd4 Nb4 13. Bd1 Bxe4 14. Nc3 Nd3+
15. Ke2 Bg6 16. Nh4 Nxb2 17. Qf3 Bh5 18. Kd2 Bxf3 19. Bxf3 Rc8 20. Rac1 Qa5 21.
Rhe1 Na4 22. Re3 Nd7 23. d5 Rxc3 24. Rexc3 Nxc3 25. Rxc3 Bf6 26. Ke2 Qxc3 27.
Bg4 Qc2+ 28. Kf1 Qc4+ 29. Ke1 Bc3+ 30. Kd1 Qd3+ 31. Kc1 e5 32. Be3 Nb6 33. Bf5
e4 34. Bf4 Nc4 35. f3 Bb2# 0-1

[Event "NAYCC U18 w"]
[Site "Kingston CAN"]
[Date "2019.08.20"]
[Round "9.203"]
[White "Ravishankar, Ramitha"]
[Black "Cao, Lucy"]
[Result "0-1"]
[WhiteElo "1480"]
[BlackElo "1704"]
[PlyCount "100"]
[EventDate "2019.08.16"]
[EventType "swiss"]
[EventRounds "9"]
[EventCountry "CAN"]

1. e4 c5 2. Nf3 d6 3. d4 Nf6 4. Nc3 cxd4 5. Nxd4 Nc6 6. Be3 e5 7. Nb3 Be7 8.
Be2 O-O 9. f3 a5 10. a4 Nb4 11. Nd5 Nfxd5 12. exd5 Bg5 13. Bf2 Bf5 14. Bd3 Bxd3
15. cxd3 Nxd5 16. O-O Be3 17. Nd2 Rc8 18. Nc4 Qg5 19. Qe1 Bxf2+ 20. Rxf2 Nf4
21. Rd2 Nxd3 22. Rxd3 Rxc4 23. Rad1 Rc2 24. R3d2 Rfc8 25. Qe2 Rxd2 26. Qxd2
Qxd2 27. Rxd2 Rc6 28. Kf2 f6 29. Ke3 Kf7 30. g4 Ke6 31. h4 Rc4 32. h5 Rxa4 33.
Rc2 Kd7 34. Kd3 b5 35. Ke3 Rc4 36. Rd2 a4 37. Rd3 b4 38. Rd5 Rc5 39. Rd3 Ke6
40. Rd2 b3 41. Ke2 Rc2 42. Rxc2 bxc2 43. Kd2 Kd5 44. Kxc2 Kc4 45. Kd2 d5 46.
Ke2 d4 47. Kd2 Kb3 48. Kc1 d3 49. Kd2 Kxb2 50. Kxd3 a3 0-1

[Event "National Capital op"]
[Site "Ottawa CAN"]
[Date "2019.11.08"]
[Round "1"]
[White "Dukic, Zachary"]
[Black "Mahdjoubi, Abdelaziz"]
[Result "1-0"]
[WhiteElo "2380"]
[BlackElo "2037"]
[PlyCount "41"]
[EventDate "2019.11.08"]
[EventType "swiss"]
[EventRounds "5"]
[EventCountry "CAN"]

1. e4 c5 2. Nf3 d6 3. d4 cxd4 4. Nxd4 Nf6 5. Nc3 a6 6. Bg5 Bd7 7. Qd2 e6 8.
O-O-O h6 9. Bxf6 Qxf6 10. f4 Nc6 11. Nf3 Rd8 12. Kb1 g6 13. e5 dxe5 14. fxe5
Nxe5 15. Qd4 Bg7 16. Ne4 Qxf3 17. gxf3 O-O 18. Be2 f5 19. Nc5 Bf6 20. Nxd7 Nxd7
21. Qxd7 1-0